Can you name every quarterback drafted in the NFL from 1987-2025? - Statistics

General Stats
  • This quiz has been taken 38 times
    3 since last reset
  • The average score is 125 of 491
Answer Stats
Year Team drafted by College Round Pick Player % Correct
2014 Kansas City Chiefs Georgia 5 163 Aaron Murray
100%
2005 Green Bay Packers California 1 24 Aaron Rodgers
100%
1999 Cincinnati Bengals Oregon 1 3 Aikili Smith
100%
2005 San Francisco 49ers Utah 1 1 Alex Smith
100%
2011 Cincinnati Bengals TCU 2 35 Andy Dalton
100%
2023 Indianapolis Colts Florida 1 4 Anthony Richardson
100%
2018 Cleveland Browns Oklahoma 1 1 Baker Mayfield
100%
2011 Jacksonville Jaguars Missouri 1 10 Blaine Gabbert
100%
2014 Jacksonville Jaguars UCF 1 3 Blake Bortles
100%
2006 New York Jets Missouri 4 103 Brad Smith
100%
2016 Jacksonville Jaguars Arkansas 6 201 Brandon Allen
100%
2022 San Francisco 49ers Iowa State 7 262 Brock Purdy
100%
2023 Carolina Panthers Alabama 1 1 Bryce Young
100%
2011 Carolina Panthers Auburn 1 1 Cam Newton
100%
2016 Buffalo Bills Ohio State 4 139 Cardale Jones
100%
2016 Philadelphia Eagles North Dakota State 1 2 Carson Wentz
100%
1995 Minnesota Vikings Kansas State 4 111 Chad May
100%
2023 Houston Texans Ohio State 1 2 C.J. Stroud
100%
2004 San Francisco 49ers Washington 7 217 Cody Pickett
100%
2010 Cleveland Browns Texas 3 85 Colt McCoy
100%
2016 Dallas Cowboys Mississippi State 4 135 Dak Prescott
100%
2019 New York Giants Duke 1 6 Daniel Jones
100%
1999 Minnesota Vikings UCF 1 11 Daunte Culpepper
100%
2002 Houston Texans Fresno State 1 1 David Carr
100%
2002 Jacksonville Jaguars East Carolina 4 108 David Garrard
100%
2014 Oakland Raiders Fresno State 2 36 Derek Carr
100%
1999 Philadelphia Eagles Syracuse 1 2 Donovan McNabb
100%
1993 New England Patriots Washington State 1 1 Drew Bledsoe
100%
2001 San Diego Chargers Purdue 2 32 Drew Brees
100%
2019 Denver Broncos Missouri 2 42 Drew Lock
100%
2004 San Diego Chargers Ole Miss 1 1 Eli Manning
100%
2013 New York Jets West Virginia 2 39 Geno Smith
100%
2016 New England Patriots NC State 3 91 Jacoby Brissett
100%
2011 Tennessee Titans Washington 1 8 Jake Locker
100%
2020 Philadelphia Eagles Oklahoma 2 53 Jalen Hurts
100%
2007 Oakland Raiders LSU 1 1 Jamarcus Russell
100%
2015 Tampa Bay Buccaneers Florida State 1 1 Jamies Winston
100%
2016 Los Angeles Rams California 1 1 Jared Goff
100%
2000 Denver Broncos Notre Dame 7 214 Jarious Jackson
100%
2024 Minnesota Vikings Michigan 1 10 J.J. McCarthy
100%
2020 Cincinnati Bengals LSU 1 1 Joe Burrow
100%
2020 Green Bay Packers Utah State 1 26 Jordan Love
100%
2018 Buffalo Bills Wyoming 1 7 Josh Allen
100%
2018 Arizona Cardinals UCLA 1 10 Josh Rosen
100%
2020 Los Angeles Chargers Oregon 1 6 Justin Herbert
100%
2022 Pittsburgh Steelers Pittsburgh 1 20 Kenny Pickett
100%
2019 Arizona Cardinals Oklahoma 1 1 Kyler Murray
100%
2018 Baltimore Ravens Louisville 1 32 Lamar Jackson
100%
2013 Pittsburgh Steelers Oklahoma 4 115 Landry Jones
100%
2021 New England Patriots Alabama 1 15 Mac Jones
100%
2022 Tennessee Titans Liberty 3 86 Malik Willis
100%
2015 Tennessee Titans Oregon 1 2 Marcus Mariota
100%
2009 New York Jets USC 1 5 Mark Sanchez
100%
2009 Detroit Lions Georgia 1 1 Matthew Stafford
100%
1992 Buffalo Bills Iowa 12 335 Matt Rodgers
100%
2008 Atlanta Falcons Boston College 1 3 Matt Ryan
100%
2024 Atlanta Falcons Washington 1 8 Michael Penix Jr.
100%
2001 Atlanta Falcons Virginia Tech 1 1 Michael Vick
100%
2012 Philadelphia Eagles Arizona 3 88 Nick Foles
100%
2017 Kansas City Chiefs Texas Tech 1 10 Patrick Mahomes
100%
1990 Chicago Bears Florida State 3 63 Peter Tom Willis
100%
1998 Indianapolis Colts Tennessee 1 1 Peyton Manning
100%
1992 Los Angeles Rams Alabama State 8 198 Rickey Jones
100%
2012 Washington Redskins Baylor 1 2 Robert Griffin III
100%
2012 Seattle Seahawks Wisconsin 3 75 Russell Wilson
100%
2010 Tennessee Titans Florida Atlantic 6 176 Rusty Smith
100%
2010 St. Louis Rams Oklahoma 1 1 Sam Bradford
100%
2006 Minnesota Vikings Alabama State 2 64 Tavaris Jackson
100%
2010 Denver Broncos Florida 1 25 Tim Tebow
100%
2000 New England Patriots Michigan 6 199 Tom Brady
100%
1989 Dallas Cowboys UCLA 1 1 Troy Aikman
100%
2007 Baltimore Ravens Ohio State 5 174 Troy Smith
100%
2013 Oakland Raiders Arkansas 4 112 Tyler Wilson
100%
2006 Tennessee Titans Texas 1 3 Vince Young
100%
1997 Baltimore Ravens Penn State 7 234 Wally Richardson
100%
2021 New York Jets BYU 1 2 Zach Wilson
100%
2012 Indianapolis Colts Stanford 1 1 Andrew Luck
50%
2022 New England Patriots Western Kentucky 4 137 Bailey Zappe
50%
2020 Dallas Cowboys James Madison 7 231 Ben DiNucci
50%
2004 Pittsburgh Steelers Miami (OH) 1 11 Ben Roethlisberger
50%
2013 San Francisco 49ers South Florida 7 237 B.J. Daniels
50%
2024 Denver Broncos Oregon 1 12 Bo Nix
50%
1992 Minnesota Vikings Florida State 9 227 Brad Johnson
50%
2007 Cleveland Browns Notre Dame 1 22 Brady Quinn
50%
1991 Atlanta Falcons Southern Mississippi 2 33 Brett Favre
50%
1998 Denver Broncos Michigan 3 91 Brian Griese
50%
2012 Denver Broncos Arizona State 2 57 Brock Osweiler
50%
2003 Jacksonville Jaguars Marshall 1 7 Byron Leftwich
50%
2024 Chicago Bears USC 1 1 Caleb Williams
50%
2025 Las Vegas Raiders North Dakota State 6 215 Cam Miller
50%
2025 Tennessee Titans Miami (FL) 1 1 Cam Ward
50%
2003 Cincinnati Bengals USC 1 1 Carson palmer
50%
2017 Denver Broncos Ole Miss 7 253 Chad Kelly
50%
2000 New York Jets Marshall 1 18 Chad Pennington
50%
1988 Indianapolis Colts Washington 3 76 Chris Chandler
50%
1987 Atlanta Falcons Oregon 1 13 Chris Miller
50%
2011 Minnesota Vikings Florida State 1 12 Christian Ponder
50%
2017 San Francisco 49ers Iowa 3 104 C.J. Beathard
50%
2011 San Francisco 49ers Nevada 2 36 Colin Kaepernick
50%
2005 Detroit Lions Connecticut 5 145 Dan Orlovsky
50%
2017 Houston Texans Clemson 1 12 Deshaun Watson
50%
2017 Cleveland Browns Notre Dame 2 52 DeShone Kizer
50%
2022 Atlanta Falcons Cincinnati 3 74 Desmond Ridder
50%
2025 Cleveland Browns Oregon 3 94 Dillon Gabriel
50%
2024 New England Patriots North Carolina 1 3 Drake Maye
50%
2019 Washington Redskins Ohio State 1 15 Dwayne Haskins
50%
2013 Buffalo Bills Florida State 1 16 E.J. Manuel
50%
2023 Detroit Lions Tennessee 3 68 Hendon Hooker
50%
2020 Indianapolis Colts Washington 4 122 Jacob Eason
50%
2023 New Orleans Saints Fresno State 4 127 Jake Haener
50%
1997 Arizona Cardinals Arizona State 2 42 Jake Plummer
50%
2025 Seattle Seahawks Alabama 3 92 Jalen Milroe
50%
2025 New York Giants Ole Miss 1 26 Jaxson Dart
50%
2006 Denver Broncos Vanderbilt 1 11 Jay Cutler
50%
2024 Washington Commanders LSU 1 2 Jayden Daniels
50%
2016 San Francisco 49ers Louisiana Tech 6 207 Jeff Driskel
50%
2002 Seattle Seahawks Southern Miss 7 235 Jeff Kelly
50%
2001 New York Giants Florida 4 125 Jesse Palmer
50%
1994 Pittsburgh Steelers Michigan State 6 178 Jim Miller
50%
2010 Carolina Panthers Notre Dame 2 48 Jimmy Clausen
50%
2014 New England Patriots Eastern Illinois 2 62 Jimmy Garoppolo
50%
2008 Baltimore Ravens Delaware 1 18 Joe Flacco
50%
2014 Cleveland Browns Texas A&M 1 22 Johnny Manziel
50%
1998 Jacksonville Jaguars Middle Tennessee 3 86 Jonathan Quinn
50%
2007 Washington Redskins UTEP 6 205 Jordan Palmer
50%
2017 Pittsburgh Steelers Tennessee 4 135 Josh Dobbs
50%
2004 Baltimore Ravens Bowling Green 6 187 Josh Harris
50%
2008 Tampa Bay Buccaneers San Diego 5 160 Josh Johnson
50%
2002 Arizona Cardinals Sam Houston State 3 81 Josh McCown
50%
2021 Chicago Bears Ohio State 1 11 Justin Fields
50%
2021 Minnesota Vikings Texas A&M 3 66 Kellen Mond
50%
2012 Washington Redskins Michigan State 4 102 Kirk Cousins
50%
2025 San Francisco 49ers Indiana 7 227 Kurtis Rourke
50%
2003 Baltimore Ravens California 1 19 Kyle Boller
50%
2021 Tampa Bay Buccaneers Florida 2 64 Kyle Trask
50%
2010 Buffalo Bills Troy 7 209 Levi Brown
50%
2004 Cleveland Browns Louisiana Tech 4 106 Luke McCown
50%
1990 Los Angeles Raiders West Virginia 12 317 Major Harris
50%
2000 New Orleans Saints West Virginia 6 168 Marc Bulger
50%
1993 Green Bay Packers Washington 5 118 Mark Brunell
50%
2018 Pittsburgh Steelers Oklahoma State 3 76 Mason Rudolph
50%
1998 Green Bay Packers Boston College 6 187 Matt Hasselbeck
50%
2006 Arizona Cardinals USC 1 10 Matt Leinart
50%
2004 Atlanta Falcons Virginia 3 90 Matt Schaub
50%
2023 Los Angeles Chargers TCU 7 239 Max Duggan
50%
2017 Chicago Bears North Carolina 1 2 Mitchell Trubisky
50%
2016 Denver Broncos Memphis 1 26 Paxton Lynch
50%
2004 New York Giants NC State 1 4 Philip Rivers
50%
2025 Miami Dolphins Texas 7 231 Quinn Ewers
50%
1987 New England Patriots Delaware 4 98 Rich Gannon
50%
2025 Indianapolis Colts Notre Dame 6 189 Riley Leonard
50%
1995 Jacksonville Jaguars USC 4 99 Rob Johnson
50%
1998 San Diego Chargers Washington State 1 2 Ryan Leaf
50%
2012 Miami Dolphins Texas A&M 1 8 Ryan Tannehill
50%
2018 New York Jets USC 1 3 Sam Darnold
50%
2025 Cleveland Browns Colorado 5 144 Shedeur Sanders
50%
2024 New Orleans Saints South Carolina 5 150 Spencer Rattler
50%
1988 Washington Redkins Northeast Louisiana 6 159 Stan Humphries
50%
2023 Los Angeles Rams Georgia 4 128 Stetson Bennett
50%
1987 Los Angeles Raiders Notre Dame 4 110 Steve Beuerlein
50%
1995 Houston Oilers Alcorn State 1 3 Steve McNair
50%
2014 Minnesota Vikings Louisville 1 32 Teddy Bridgewater
50%
1999 Cleveland Browns Kentucky 1 1 Tim Couch
50%
1993 San Diego Chargers Indiana 8 222 Trent Green
50%
2021 Jacksonville Jaguars Clemson 1 1 Trevor Lawrence
50%
2015 Denver Broncos Northwestern 7 250 Trevor Siemian
50%
2021 San Francisco 49ers North Dakota State 1 3 Trey Lance
50%
2020 Miami Dolphins Alabama 1 5 Tua Tagovailoa
50%
2025 New Orleans Saints Louisville 2 40 Tyler Shough
50%
1987 Tampa Bay Buccaners Miami (FL) 1 1 Vinny Testaverde
50%
2019 Carolina Panthers West Virginia 3 100 Will Grier
50%
2025 Pittsburgh Steelers Ohio State 6 185 Will Howard
50%
2023 Tennessee Titans Kentucky 2 33 Will Levis
50%
1999 Green Bay Packers Virginia 4 131 Aaron Brooks
0%
2005 New Orleans Saints Florida State 5 152 Adrian McPherson
0%
2023 Las Vegas Raiders Purdue 4 135 Aidan O'Connell
0%
2001 Philadelphia Eagles Oregon 5 155 A.J. Feeley
0%
2014 Cincinnati Bengals Alabama 5 164 A.J. McCarron
0%
2008 Houston Texans Washington State 7 223 Alex Brink
0%
2018 Seattle Seahawks FIU 7 220 Alex McGough
0%
1993 Pittsburgh Steelers Pittsburgh 8 216 Alex Van Pelt
0%
1990 Detroit Lions Houston 1 7 Andre Ware
0%
2008 New York Giants Kentucky 6 198 Andre' Woodson
0%
2005 Oakland Raiders Arizona State 3 69 Andrew Walter
0%
2004 Philadelphia Eagles Delaware 6 185 Andy Hall
0%
1989 Green Bay Packers Duke 3 74 Anthony Dilweg
0%
1991 Dallas Cowboys Oregon 4 106 Bill Musgrave
0%
1987 New York Jets Kentucky 12 327 Bill Ransdell
0%
1993 Los Angeles Raiders Washington 3 58 Billy Joe Hobert
0%
1989 San Diego Chargers Texas Tech 2 51 Billy Joe Tolliver
0%
2012 Green Bay Packers Chattanooga 7 243 B.J. Coleman
0%
2004 Houston Texans Texas Tech 7 248 B.J. Symons
0%
1996 Philadelphia Eagles Ohio State 3 85 Bobby Hoying
0%
1989 Cincinnati Bengals New Hampshire 10 278 Bob Jean
0%
2017 Detroit Lions Miami (FL) 6 215 Brad Kaaya
0%
2004 Denver Broncos Colorado State 7 250 Bradlee Van Pelt
0%
2013 San Diego Chargers Southern Utah 7 221 Brad Sorensen
0%
2002 San Francisco 49ers BYU 5 163 Brandon Doman
0%
2016 Miami Dolphins Western Kentucky 7 223 Brandon Doughty
0%
2012 Cleveland Browns Oklahoma State 1 22 Brandon Weeden
0%
1989 Chicago Bears Utah State 7 192 Brent Snyder
0%
2015 Green Bay Packers UCLA 5 147 Brett Hundley
0%
1987 Minnesota Vikings Montana 11 295 Brett Pease
0%
2008 Green Bay Packers Louisville 2 56 Brian Brohm
0%
2003 Pittsburgh Steelers Boston College 5 163 Brian St. Pierre
0%
1999 Seattle Seahawks Washington 3 77 Brock Huard
0%
2006 Kansas City Chiefs Alabama 3 85 Brodie Croyle
0%
2003 New York Jets Wisconsin 6 200 Brooks Bollinger
0%
1991 New York Jets Louisville 2 34 Browning Nagle
0%
2006 Tampa Bay Buccaneers Toledo 6 194 Bruce Gradkowski
0%
2015 New York Jets Baylor 4 103 Bryce Petty
0%
1992 Houston Oilers Texas A&M 8 220 Bucky Richardon
0%
1988 Green Bay Packers Wisconsin 10 256 Bud Keyes
0%
1999 Chicago Bears UCLA 1 12 Cade McNown
0%
1990 Washington Redskins Washington 4 86 Carry Conklin
0%
2004 Cincinnati Bengals Wyoming 7 218 Casey Bramlet
0%
1992 Philadelphia Eagles Florida State 4 102 Casey Weldon
0%
2008 Miami Dolphins Michigan 2 57 Chad Henne
0%
2012 Indianapolis Colts Northern Illinois 7 253 Chandler Harnish
0%
1998 Detroit Lions Eastern Michigan 2 60 Charlie Batch
0%
2005 Cleveland Browns Akron 3 67 Charlie Frye
0%
2006 San Diego Chargers Clemson 3 81 Charlie Whitehurst
0%
1999 Arizona Cardinals NW Missouri State 7 239 Chris Griesen
0%
1992 Washington Redskins William & Mary 4 112 Chris Hakel
0%
2022 Pittsburgh Steelers South Dakota State 7 241 Chris Oladokun
0%
2000 Baltimore Ravens Louisville 3 75 Chris Redman
0%
2003 Tampa Bay Buccaners Texas 3 97 Chris Simms
0%
2016 New York Jets Penn State 2 51 Christian Hackenberg
0%
2001 Carolina Panthers Florida State 4 106 Chris Weinke
0%
1997 New York Jets Houston 6 191 Chuck Clements
0%
1989 Houston Oilers Iowa 13 325 Chuck Hartlieb
0%
2019 Philadelphia Eagles Northwestern 5 167 Clayton Thorson
0%
2023 Arizona Cardinals Houston 5 139 Clayton Tune
0%
1990 Cleveland Browns Grambling State 11 296 Clemente Gordon
0%
1987 Houston Oilers Baylor 3 64 Cody Carlson
0%
2016 Cleveland Browns USC 3 93 Cody Kessler
0%
2020 Tennessee Titans Hawaii 7 224 Cole McDonald
0%
2008 Indianapolis Colts Hawaii 6 186 Colt Brennan
0%
2016 Oakland Raiders Michigan State 4 100 Connor Cook
0%
1992 Pittsburgh Steelers Connecticut 12 318 Cornelius Benton
0%
1991 Philadelphia Eagloes Miami (FL) 5 131 Craig Erickson
0%
1992 Tampa Bay Buccaneers Miami (FL) 4 86 Craig Erickson
0%
2004 Chicago Bears Ohio State 5 148 Craig Krenzel
0%
1990 New York Giants Pacific Lutheran 5 135 Craig Kupp
0%
2002 Green Bay Packers Northwestern State 5 164 Craig Nall
0%
1995 San Diego Chargers Pacific 6 197 Craig Whelihan
0%
2009 Indianapolis Colts Purdue 6 201 Curtis Painter
0%
2010 Chicago Bears Central Michigan 6 181 Dan LeFevour
0%
1991 Seattle Seahawks San Diego State 1 16 Dan McGwire
0%
2018 New England Patriots LSU 7 219 Danny Etling
0%
1996 New York Giants Florida Stat 4 130 Danny Kanell
0%
1988 Detroit Lions Cincinnati 11 281 Danny McCoin
0%
1988 Kansas City Chiefs Florida State 11 282 Danny McManus
0%
1997 New Orleans Saints Florida 4 99 Danny Wuerffel
0%
1995 Philadelphia Eagles California 4 119 Dave Barr
0%
2003 Houston Texans Louisville 3 88 Dave Ragone
0%
1987 New York Giants Michigan Tech 11 307 Dave Walter
0%
2014 Chicago Bears San Jose State 6 183 David Fales
0%
2005 Seattle Seahawks Georgia 3 85 David Greene
0%
1992 Cincinnati Bengals Houston 1 6 David Klingler
0%
1988 Los Angeles Raiders Caroll (WI) 11 283 David Weber
0%
2021 Houston Texans Stanford 3 67 Davis Mills
0%
2017 New York Giants California 3 87 Davis Webb
0%
2008 Pittsburgh Steelers Oregon 5 156 Dennis Dixon
0%
2005 Baltimore Ravens Oregon State 6 213 Derek Anderson
0%
2024 Baltimore Ravens Kentucky 6 218 Devin Leary
0%
2006 Atlanta Falcons Georgia 7 223 D.J. Shockley
0%
1991 Cincinnati Bengals Rice 4 99 Donald Hollas
0%
1987 Green Bay Packers Virginia 10 255 Don Majkowski
0%
1988 Philadelphia Eagles Syracuse 6 149 Don McPherson
0%
2023 Cleveland Browns UCLA 5 140 Dorian Thompson-Robinson
0%
1987 Kansas City Chiefs Nicholls State 7 186 Doug Hudson
0%
1994 New Orleans Saints Idaho 4 116 Doug Nussmeier
0%
2003 Houston Texans Michigan 6 192 Drew Henson
0%
2007 Detroit Lions Michigan State 2 43 Drew Stanton
0%
2019 Los Angeles Chargers North Dakota State 5 166 Easton Stick
0%
1993 San Francisco 49ers Michigan 8 219 Elvis Grbac
0%
1995 Cleveland Browns Georgia 3 84 Eric Zeier
0%
2008 New York Jets Tennessee 5 162 Erik Ainge
0%
1989 Cincinnati Bengals Oregon State 3 83 Erik Wilheilm
0%
2019 Jacksonville Jaguars Washington State 6 178 Gardner Minshew
0%
2014 St. Louis Rams SMU 6 214 Garrett Gilbert
0%
2015 New Orleans Saints Colorado State 3 75 Garrett Grayson
0%
1990 Indianapolis Colts Western Illinois 12 311 Gene Benhart
0%
1990 New Orleans Saints Nebraska 8 207 Gerry Gdowski
0%
2003 Washington Redskins Indiana 7 232 Gibram Hamdan
0%
1993 Minnesota Vikings Miami (FL) 7 192 Gino Torretta
0%
2000 San Francisco 49ers Hofstra 3 65 Giovanni Carmazzi
0%
1994 New York Jets Boston College 7 208 Glenn Foley
0%
2025 Houston Texans Florida 6 197 Graham Mertz
0%
2011 New York Jets Alabama 7 208 Greg McElroy
0%
1994 Washington Redskins Tulsa 7 197 Gus Frerotte
0%
1994 Washington Redskins Tennessee 1 3 Heath Shuler
0%
2021 New Orleans Saints Notre Dame 4 133 Ian Book
0%
2006 Green Bay Packers Furman 5 148 Ingle Martin
0%
2007 Dallas Cowboys Washington 4 103 Isaiah Stanback
0%
2000 San Diego Chargers Florida A&M 6 205 Ja'Juan Seider
0%
2020 Buffalo Bills Georgia 5 167 Jake Fromm
0%
2020 Jacksonville Jaguars Oregon State 6 189 Jake Luton
0%
2016 Detroit Lions Michigan 6 191 Jake Rudock
0%
2020 New York Jets FIU 4 125 James Morgan
0%
2005 Kansas City Chiefs Tulsa 7 229 Jamie Kilian
0%
2023 Minnesota Vikings BYU 5 164 Jaren Hall
0%
2019 New England Patriots Auburn 4 133 Jarrett Stidham
0%
2005 Washington Redskins Auburn 1 25 Jason Campbell
0%
1994 New England Patriots Howard 7 198 Jay Walker
0%
1992 New York Jets East Carolina 6 166 Jeff Blake
0%
1991 Phoenix Cardinals California-Davis 12 309 Jeff Bridewell
0%
1989 Los Angeles Rams Weber State 4 102 Jeff Carlson
0%
1989 Los Angeles Raiders Tennessee 6 140 Jeff Francis
0%
1990 Indianapolis Colts Illinois 1 1 Jeff George
0%
1989 Green Bay Packers Long Beach State 4 87 Jeff Graham
0%
1996 Denver Broncos Northern Arizona 4 100 Jeff Lewis
0%
2007 Cincinnati Bengals Nevada 5 151 Jeff Rowe
0%
2004 St. Louis Rams Michigan State 6 201 Jeff Smoker
0%
1995 Green Bay Packers Alabama 5 160 Jerry Barker
0%
1995 Carolina Panthers Tennessee 6 191 Jerry Colquitt
0%
1997 San Francisco 49ers Virginia Tech 1 26 Jim Druckenmiller
0%
1987 Chicago Bears Michigan 1 26 Jim Harbaugh
0%
1987 Miami Dolphins Ohio State 12 322 Jim Karsatos
0%
2004 Indianapolis Colts Wisconsin 6 193 Jim Sorgi
0%
1999 St. Louis Rams Ohio State 4 101 Joe Germaine
0%
2000 Tampa Bay Buccaneers Georgia Tech 7 234 Joe Hamilton
0%
2024 New England Patriots Tennessee 6 193 Joe Milton
0%
2010 Minnesota Vikings UAB 6 199 Joe Webb
0%
2002 Detroit Lions Oregon 1 3 Joey Harrington
0%
2007 Miami Dolphins BYU 2 40 John Beck
0%
2008 Minnesota Vikings USC 5 137 John David Booty
0%
1998 Miami Dolphins Nevada 6 172 John Dutton
0%
1990 Seattle Seahawks Vanderbilt 12 312 John Gromos
0%
2004 Arizona Cardinals Michigan 7 202 John Navarre
0%
1987 San Francisco 49ers Stanford 10 275 John Paye
0%
2010 Arizona Cardinals Fordham 5 155 John Skelton
0%
1995 Cincinnati Bengals BYU 7 213 John Walsh
0%
2010 San Diego Chargers Tennessee 5 168 Jonathan Crompton
0%
1990 San Diego Chargers Idaho 6 138 Jon Friesz
0%
1996 Baltimore Ravens Trinity International (IL) 7 238 Jon Stark
0%
2024 New York Jets Florida State 5 171 Jordan Travis
0%
2001 Seattle Seahawks LSU 6 172 Josh Booty
0%
2009 Tampa Bay Buccaneers Kansas State 1 17 Josh Freeman
0%
2001 Miami Dolphins Oklahoma 6 177 Josh Heupel
0%
2004 Buffalo Bills Tulane 1 22 J.P. Losman
0%
2002 New Orleans Saints UC Davis 6 186 J.T. O'Sullivan
0%
1992 Cleveland Browns Nebraska 12 316 Keithen McCant
0%
2009 St. Louis Rams West Texas A&M 6 196 Keith Null
0%
2014 Baltimore Ravens Ball State 6 194 Keith Wenning
0%
2006 New York Jets Oregon 2 49 Kellen Clemens
0%
1987 Seattle Seahawks Colorado State 1 6 Kelly Stouffer
0%
2003 San Francisco 49ers Miami (FL) 7 241 Ken Dorsey
0%
1987 Philadelphia Eagles William & Mary 9 232 Ken Lambiotte
0%
1992 New York Giants Ohio State 8 211 Kent Graham
0%
1995 Carolina Panthers Penn State 1 5 Kerry Collins
0%
1988 Miami Dolphins Florida 7 180 Kerwin Bell
0%
1999 Tennessee Titans UC Davis 5 151 Kevin Daft
0%
2016 Kansas City Chiefs Stanford 5 162 Kevin Hogan
0%
2007 Philadelphia Eagles Houston 2 36 Kevin Kolb
0%
2008 New England Patriots San Diego State 3 94 Kevin O'Connell
0%
1987 Dallas Cowboys Fresno State 7 180 Kevin Sweeney
0%
1990 Green Bay Packers Wisconsin Stevens-Point 9 242 Kirk Baumgartner
0%
2003 New England Patriots Texas Tech 6 201 Kliff Kingsbury
0%
1995 Pittsburgh Steelers Colorado 2 60 Kordell Stewart
0%
1997 Philadelphia Eagles Colorado 7 207 Koy Detmer
0%
2002 Atlanta Falcons Illinois 5 158 Kurt Kittner
0%
2018 New York Giants Richmond 4 108 Kyle Lauletta
0%
2025 Philadelphia Eagles Syracuse 6 181 Kyle McCord
0%
2005 Chicago Bears Purdue 4 106 Kyle Orton
0%
1996 Green Bay Packers USC 7 240 Kyle Wachholtz
0%
1991 New York Giants John Carroll 12 334 Larry Wanke
0%
2014 Arizona Cardinals Virginia Tech 4 120 Logan Thomas
0%
2018 Cincinnati Bengals Toledo 7 249 Logan Woodside
0%
2018 Tennessee Titans Washington State 6 199 Luke Falk
0%
1992 Miami Dolphins Fresno State 11 296 Mark Barsotti
0%
1987 San Diego Chargers Iowa 4 88 Mark Vlasic
0%
2001 Oakland Raiders Washington 2 59 Marques Tuiasosopo
0%
2013 Philadelphia Eagles USC 4 98 Matt Barkley
0%
1992 Kansas City Chiefs Virginia 2 40 Matt Blandin
0%
2005 New England Patriots USC 7 230 Matt Cassel
0%
2022 Carolina Panthers Ole Miss 3 94 Matt Corral
0%
2008 Green Bay Packers LSU 7 209 Matt Flynn
0%
2004 Denver Broncos LSU 7 225 Matt Mauck
0%
1999 New England Patriots Kansas State 7 227 Michael Bishop
0%
2024 Green Bay Packers Tulane 7 245 Michael Pratt
0%
1988 Denver Broncos Cal State Fullerton 12 332 Michael Rhyan
0%
1990 Seattle Seahawks Maine 6 156 Mike Buck
0%
1996 Indianapolis Colts James Madison 6 205 Mike Cawley
0%
1997 New York Giants Murray State 6 171 Mike Cherry
0%
1989 Kansas City Chiefs Wake Forest 2 32 Mike Elkins
0%
2013 Tampa Bay Buccaneers NC State 3 73 Mike Glennon
0%
2010 Philadelphia Eagles Northwestern 4 122 Mike Kafka
0%
2001 Detroit Lions Rutgers 5 149 Mike McMahon
0%
1992 Tampa Bay Buccaneers California 8 222 Mike Pawlawski
0%
1988 New York Giants San Jose State 7 175 Mike Perez
0%
1987 Tampa Bay Buccaneers Alabama 12 313 Mike Shula
0%
2009 Seattle Seahawks Rutgers 6 178 Mike Teel
0%
2018 Dallas Cowboys Western Kentucky 5 171 Mike White
0%
1998 Chicago Bears Colorado State 7 232 Moses Moreno
0%
2009 San Francisco 49ers Ball State 5 171 Nate Davis
0%
2020 Minnesota Vikings Iowa 7 244 Nate Stanley
0%
2016 Washington Redskins Indiana 6 187 Nate Sudfeld
0%
2011 Chicago Bears Idaho 6 160 Nathan Enderle
0%
2017 Buffalo Bills Pittsburgh 5 171 Nathan Peterman
0%
1990 Pittsburgh Steelers Maryland 3 70 Neil O'Donnell
0%
2006 Pittsburgh Steelers Bowling Green 5 164 Omar Jacobs
0%
1997 Kansas City Chiefs California 4 110 Pat Barnes
0%
1991 Tampa Bay Buccaneers USC 10 260 Pat O'Hara
0%
2002 Washington Redskins Tulane 1 32 Patrick Ramsey
0%
2009 Miami Dolphins West Virginia 2 44 Pat White
0%
1991 Chicago Bears Arizona State 7 190 Paul Justin
0%
1989 Atlanta Falcons Western Illinois 8 202 Paul Singer
0%
1994 Atlanta Falcons C.W. Post 4 111 Perry Klein
0%
2001 Dallas Cowboys Georgia 2 53 Quincy Carter
0%
2002 Carolina Panthers Stanford 5 137 Randy Fasani
0%
2006 Cincinnati Bengals Texas A&M 6 193 Reggie McNeal
0%
1990 Houston Oilers Auburn 13 321 Reggie Slack
0%
2003 Chicago Bears Florida 1 22 Rex Grossman
0%
2009 New York Giants Sam Houston State 5 151 Rhett Bomar
0%
1993 Seattle Seahawks Notre Dame 1 2 Rick Mirer
0%
2011 Kansas City Chiefs Iowa 5 135 Ricky Stanzi
0%
1989 Detroit Lions USC 6 141 Rodney Peete
0%
2002 New England Patriots LSU 4 117 Rohan Davey
0%
1997 Green Bay Packers Army 7 240 Ronnie McAda
0%
2019 Cincinnati Bengals NC State 4 104 Ryan Finley
0%
2005 St. Louis Rams Harvard 7 250 Ryan Fitzpatrick
0%
2012 Arizona Cardinals San Diego State 6 185 Ryan Lindley
0%
2011 New England Patriots Arkansas 3 74 Ryan Mallett
0%
2013 New York Giants Syracuse 4 110 Ryan Nassib
0%
2001 Washington Redskins Iowa State 4 109 Sage Rosenfels
0%
2021 Indianapolis Colts Texas 6 218 Sam Ehlinger
0%
2022 Washington Commanders North Carolina 5 144 Sam Howell
0%
1987 Seattle Seahawks UTEP 8 216 Sammy Garza
0%
1999 Cincinnati Bengals Miami (FL) 7 245 Scott Covington
0%
1990 Miami Dolphins Utah 4 93 Scott Mitchell
0%
1988 Dallas Cowboys Virginia 6 151 Scott Secules
0%
1991 New England Patriots Maryland 4 84 Scott Zolak
0%
2010 New Orleans Saints Oregon State 7 239 Sean Canfield
0%
2023 Green Bay Packers Penn State 5 149 Sean Clifford
0%
2015 St. Louis Rams Oregon State 3 89 Sean Mannion
0%
2013 Atlanta Falcons Duke 7 249 Sean Renfree
0%
2003 Seattle Seahawks Iowa State 4 110 Seneca Wallace
0%
2002 St. Louis Rams Ohio State 6 205 Seth Bellisari
0%
2002 San Diego Chargers Cal Poly 7 216 Seth Burford
0%
1999 Tampa Bay Buccaneers Tulane 2 50 Shaun King
0%
1991 Denver Broncos Virginia 11 284 Shawn Moore
0%
2022 Miami Dolphins Kansas State 7 247 Skylar Thompson
0%
1996 Pittsburgh Steelers Duke 6 203 Spence Fischer
0%
2000 Cleveland Browns Southwest Texas State 6 183 Spergon Wynn
0%
2005 Carolina Panthers Louisville 4 121 Stefan LeFors
0%
2009 Dallas Cowboys Texas A&M 4 101 Stephen McGee
0%
1994 Kansas City Chiefs Memphis 7 199 Steve Matthews
0%
1988 Cleveland Browns Duke 12 328 Steve Slayden
0%
1995 Kansas City Chiefs Stanford 4 134 Steve Stenstrom
0%
1989 Indianapolis Colts Nebraska 13 323 Steve Taylor
0%
1995 Arizona Cardinals New Mexico 3 80 Stoney Case
0%
2014 New York Jets Clemson 6 213 Tajh Boyd
0%
2018 Jacksonville Jaguars Nebraska 6 203 Tanner Lee
0%
2023 Philadelphia Eagles Stanford 6 188 Tanner McKee
0%
2000 Pittsburgh Steelers Tennessee 5 163 Tee Martin
0%
1989 San Diego Chargers Tulane 7 195 Terrance Jones
0%
2000 San Francisco 49ers Louisiana Tech 7 212 Tim Rattay
0%
1992 St. Louis Rams Tulsa 9 228 T.J. Rubley
0%
2011 Houston Texans North Carolina 5 152 T.J. Yates
0%
1995 Buffalo Bills Michigan 2 45 Todd Collins
0%
1990 Denver Broncos South Carolina 9 247 Todd Elliss
0%
1990 Tampa Bay Buccaneers Stephen F. Austin 12 307 Todd Hammel
0%
2000 Washington Redskins Stanford 6 202 Todd Husak
0%
1991 Los Angeles Raiders USC 1 24 Todd Marinovich
0%
1988 New Orleans Saints San Diego State 10 274 Todd Santos
0%
2009 Denver Broncos Fresno State 6 174 Tom Brandstater
0%
1990 New England Patriots LSU 3 59 Tommy Hodson
0%
1992 Denver Broncos UCLA 1 25 Tommy Maddox
0%
2020 New Orleans Saints Mississippi State 7 240 Tommy Stevens
0%
2014 Houston Texans Pittsburgh 4 135 Tom Savage
0%
1988 Phoenix Cardinals Ohio State 3 68 Tom Tupa
0%
1996 St. Louis Rams Michigan State 2 42 Tony Banks
0%
1997 San Diego Chargers Sacremento State 7 237 Tony Corbin
0%
1997 Atlanta Falcons Oregon 7 204 Tony Graziani
0%
2010 Carolina Panthers Cincinnati 6 204 Tony Pike
0%
1992 Phoenix Cardinals Penn State 2 46 Tony Sacca
0%
2019 Baltimore Ravens Penn State 6 197 Trace McSorley
0%
1994 Tampa Bay Buccaneers Fresno State 1 6 Trent Dilfer
0%
2007 Buffalo Bills Stanford 3 92 Trent Edwards
0%
1990 New York Jets California 4 84 Troy Taylor
0%
1992 Green Bay Packers BYU 9 230 Ty Detmer
0%
2007 Minnesota Vikings Coastal Carolina 7 217 Tyler Thigpen
0%
2011 Baltimore Ravens Virginia Tech 6 180 Tyrod Taylor
0%
1989 Indianapolis Colts Georgia 11 296 Wayne Johnson
0%
2002 Baltimore Ravens Stephen F. Austin 7 236 Wes Pate
0%
1992 Chicago Bears Virginia Tech 4 107 Will Furrer
0%
2013 Denver Broncos Miami (OH) 7 234 Zac Dysert
0%
2014 Tennessee Titans LSU 6 178 Zach Mettenberger
0%
2010 New England Patriots Oklahoma State 7 250 Zac Robinson
0%
No matching quizzes found
Score Distribution
Percent of People with Each Score
Percentile by Number Answered
Your Score History
You have not taken this quiz since the last reset